000 00258nam a22001097a 4500
008 160519b xxu||||| |||| 00| 0 eng d
020 _a081517098X
041 _aeng
080 _a61
245 _aClinical laboratory medicine:
_cRichard Ravel;
942 _2udc
_cBK
999 _c2233
_d2233